000 01393nam0a22003011 4500
001 rc\4964380
005 20260406122019.0
021 _aRU
_b[62-67338]
035 _a(NLR Aleph) 008959879
090 _a9057235
_c9057235
100 _a20130426d1962 |||y0rusy50 ca
101 0 _arus
102 _aRU
105 _aab z |||||
200 1 _aРежим и освоение водных объектов
_e[Сборник статей
_fОтв. ред. чл.-кор. АН СССР В.В. Звонков и проф. В.Т. Турчинович
_gПредисл. В.В. Звонкова]
_gАкад. наук СССР. Совет по проблемам водного хозяйства
210 _aМосква
_cИзд-во Акад. наук СССР
_d1962
215 _a283 с. 1 л. схем.
_cил., карт.
_d22
320 _aБиблиогр. в конце статей
606 _aВодное хозяйство
_jСборники
_2psbo
606 _aГидрология
_jСборники
_2psbo
702 1 _aТурчинович
_bВ.Т.
_4340
702 1 _aЗвонков
_bВ.В.
_gВасилий Васильевич
_4340
_4080
712 0 2 _aАН СССР
_bСовет по проблемам водного хозяйства
_3RU\NLR\AUTH\8814678
_9302668
801 0 _aRU
_bNLR
_gpsbo
801 1 _aRU
_bELAR
_2rusmarc
852 _aNLR
_j62-5/4612
942 _cBOOK
980 _aNB